00815nam a22002297a 4500999001900000005001700019010001500036020002700051035001400078037001300092082000800105245008200113250001600195260005400211270005400265300002100319490005900340700002200399700002000421942002200441952012200463 c158055d15805520181014161851.0 aENG-124279 c1000.00a9788184702163 aEN-107811 bDBAD/PUB a881 aThe study of stolen love /ctranslated by David C. Buck [and] K. Paramasivam  arevised ed. aPondicherybInstitut Francais De Pondicheryc2017 a11, rur Saint Louis, B.P.33, bPondicherye605001 a343p.c25cm(pbk) aRegards sur I Asie due Sud/ South Asian Perspective -9 a Buck, David C. a Paramasivam K. 2ddccENmSTUh881 001040718NFICaDBADbBNd2018-10-15eDBAD/PUBg1000.00l0o881 STUpEN-107811r2018-10-15 00:00:00t1v1000.00yEN